00835nam a2200253 i 4500001001000000003000900010005001700019007000300036008004100039020001500080040003000095041000800125082002400133100005600157245011000213250002300323264007000346300002800416336002700444337003300471338002800504650002200532650002700554000012666DO-SdBNP20251120104055.0ta091116s2005 dr 000 f spa d a9993455830 aDO-SdBNPbspacBNPHUerda aspa 4aRD863.44bP438t2221 aPérez Méndez, Artagnan,d1929-2017eautor4aut.13aEl testamento de don Geraldo /cArtagnan Pérez Méndez ; presentación, José Miguel Soto Jiménez. aPrimera edición  1aSanto Domingo, República Dominicana :bEditora Corripio,c2005. a255 páginas ;c23 cm. atextobtxt2rdacontent asin mediaciónbn2rdamedia avolumenbnc2rdacarrier 4aNovela dominicana 4aLiteratura dominicana.